Военно-инвалидные поселения (Запись № 6011827)

Подробности
000 -МАРКЕР
контрольное поле 01280nam0a22002651 4500
001 - ИДЕНТИФИКАТОР ЗАПИСИ
контрольное поле v19\rc\1988290
005 - ИДЕНТИФИКАТОР ВЕРСИИ
контрольное поле 20260405182610.0
035 ## - ДРУГИЕ СИСТЕМНЫЕ НОМЕРА
Идентификатор записи (NLR Aleph) 005272227
100 ## - ДАННЫЕ ОБЩЕЙ ОБРАБОТКИ
Данные общей обработки 20080811d1915 |||y0rusy50 ca
101 0# - ЯЗЫК РЕСУРСА
Язык текста, звукозаписи и т.д. русский
102 ## - СТРАНА ПУБЛИКАЦИИ ИЛИ ПРОИЗВОДСТВА
Страна публикации Российская Федерация
105 ## - ПОЛЕ КОДИРОВАННЫХ ДАННЫХ: ТЕКСТОВЫЕ МАТЕРИАЛЫ, МОНОГРАФИЧЕСКИЕ
Кодированные данные о монографическом текстовом документе y z |||||
200 1# - ЗАГЛАВИЕ И СВЕДЕНИЯ ОБ ОТВЕТСТВЕННОСТИ
Основное заглавие Военно-инвалидные поселения
Сведения, относящиеся к заглавию Безубыточ. для казны способ призрения инвалидов и семейств павших в бою рус. воинов
Первые сведения об ответственности П.М. Розенштанд-Вельдике, дат. инж.
Последующие сведения об ответственности С предисл. Всев. Чешихина, авт. "Патриотических стихотворений", 1914 г.
210 ## - ПУБЛИКАЦИЯ, РАСПРОСТРАНЕНИЕ И ДР.
Место издания, распространения и т.д. Рига
Имя издателя, распространителя и т. д. изд. авт.
Дата издания, распространения и т.д. 1915
215 ## - ФИЗИЧЕСКАЯ ХАРАКТЕРИСТИКА
Специфическое обозначение материала и объем 24 с.
Размеры 18
700 #1 - ИМЯ ЛИЦА - ПЕРВИЧНАЯ ОТВЕТСТВЕННОСТЬ
Графика поля Кириллица
Материалы, к которым относится поле rus
Начальный элемент ввода Розенштанд-Вельдике
Часть имени, кроме начального элемента ввода П. М.
Даты 19 в.-
Расширение инициалов личного имени Петр Маркович
Системный номер авторитетной/нормативной записи 62225
Идентификатор авторитетной/нормативной записи RU\NLR\AUTH\7779297
702 #1 - ИМЯ ЛИЦА - ВТОРИЧНАЯ ОТВЕТСТВЕННОСТЬ
Код отношения Автор введения, предисловия, примечания и т.п.
Графика поля Кириллица
Материалы, к которым относится поле rus
Начальный элемент ввода Чешихин
Часть имени, кроме начального элемента ввода В. Е.
Даты 1865-1934
Расширение инициалов личного имени Всеволод Евграфович
Системный номер авторитетной/нормативной записи 44439
Идентификатор авторитетной/нормативной записи RU\NLR\AUTH\7761509
801 #2 - ИСТОЧНИК ЗАПИСИ
Страна Российская Федерация
Организация NLR
Дата составления 20090808
Источник данных rusmarc
801 #0 - ИСТОЧНИК ЗАПИСИ
Страна Российская Федерация
Организация NLR
Дата составления 20080811
Правила каталогизации psbo
801 #0 - ИСТОЧНИК ЗАПИСИ
Страна Российская Федерация
Организация RuMoRGB
Дата составления 20080811
Источник данных psbo
801 #1 - ИСТОЧНИК ЗАПИСИ
Страна Российская Федерация
Организация ProSoft-M
Дата составления 20080811
Источник данных rusmarc
852 ## - МЕСТОНАХОЖДЕНИЕ И ШИФР ХРАНЕНИЯ
Идентификатор организации NLR
Шифр хранения (Call Number) 37.74.8.183
942 ## - ДОПОЛНИТЕЛЬНЫЕ ЭЛЕМЕНТЫ ЗАПИСИ (АБИС)
Тип экземпляра АБИС Книга
980 ## - КОЛЛЕКЦИЯ
Название коллекции Национальная библиография
Экземпляры
Тип экземпляра Дата поступления Библиотека постоянного хранения Библиотека текущего хранения Место хранения Шифр хранения Штрих-код Статус экземпляра
Книга 26.10.2013 РНБ (Садовая) РНБ (Садовая) Русский книжный фонд -Главное здание, Ленинский читальный зал 37.74.8.183 5272227-10